Statistics for Countries 2 Borders Away: Bhutan

Click here to take the quiz!

General Stats

  • This quiz has been taken 16 times
  • The average score is 12 of 13

Answer Stats

Country% Correct
Bangladesh
100%
Pakistan
100%
Russia
100%
Afghanistan
93%
Kazakhstan
93%
Nepal
93%
North Korea
93%
Laos
87%
Mongolia
87%
Myanmar
87%
Tajikistan
87%
Vietnam
87%
Kyrgyzstan
80%

Score Distribution

Percentile by Number Answered

Percent of People with Each Score

Your Score History

You have not taken this quiz